000 00599nam a22001577a 4500
005 20120611141223.0
020 _a8121206340
_cRs. 375.00 *hbk)
035 _aB-30191
037 _aDPL
_bENG
100 _aMathur, Pragya
_948861
245 _aStress in Police in India :
_bRecognition, disgnosis and coping strategies /
_cby Pragya Mathur
260 _aNew Delhi
_bGyan Publishing House
_c1999
300 _a236p.
_c20 cms.
942 _2ddc
_cEN
_h363.22
_mMAT
999 _c67817
_d67817